000 00533nam a2200205Ia 4500
003 GCL
008 140319s9999 xx 000 0 eng d
040 _aGCL /
_cGCL
082 0 4 _aCH
_b932.022
_bC W
100 1 _aSPENCELEY, ANNABEL
245 1 0 _aWHO WERE THE ROMANS ? /
_cSPENCELEY, ANNABEL
700 1 _aCOX, PHILROXBEE
700 1 _aTHISTLETWAITE, DIANE
260 _a[S.N] :
_bUSBORNE PUBLISHING LTD ،
_c1994
300 _a32 P
650 0 4 _aCHILDREN
650 0 4 _aHISTORY
650 0 4 _aROMAN HISTORY
942 _2ddc
_cBK
999 _c13739
_d13739